Filmographie de Wes Anderson - Statistiques

Statistiques générales
  • Ce quiz a été pris 138 fois
  • Le résultat moyen est 8 sur 12
Statistiques - réponses
Année de sortie Titre % Correct
2014 The Grand Budapest Hotel
93%
2021 The French Dispatch
84%
2009 Fantastic Mr. Fox
83%
2018 L'Île aux chiens
81%
2023 Asteroid City
77%
2012 Moonrise Kingdom
76%
2007 À bord du Darjeeling Limited
68%
2001 La Famille Tenenbaum
68%
2004 La Vie aquatique
67%
1998 Rushmore
57%
1996 Bottle Rocket
43%
2023 The Wonderful Story of Henry Sugar
32%
Aucun quiz correspondant
Distribution des résultats
% des personnes avec chaque résultat
Percentile par nombre de réponses
Votre historique - résultats
Vous n’avez pas pris ce quiz